[Event "Titled Tuesday intern op 15th Aug Early"]
[Site "Chess.com INT"]
[Date "2023.08.15"]
[Round "1"]
[White "Chyngyz, Sultai"]
[Black "Akobian, Varuzhan"]
[Result "1-0"]
[WhiteElo "1671"]
[BlackElo "2582"]
[PlyCount "75"]
[EventDate "2023.08.15"]
[EventType "swiss (blitz)"]
[EventRounds "11"]
[EventCountry "USA"]
[SourceTitle "EXT 2024"]
[Source "ChessBase"]
[SourceDate "2023.10.10"]
[SourceVersion "1"]
[SourceVersionDate "2023.10.10"]
[SourceQuality "1"]

1. e4 d6 2. c3 Nf6 3. Nf3 c6 4. d3 Bg4 5. Be2 d5 6. e5 Nfd7 7. d4 e6 8. h3 Bh5 9. 0-0 c5 10. Be3 Qb6 11. Qd2 Nc6 12. b3 Rc8 13. Rd1 cxd4 14. cxd4 Bb4 15. Qb2 0-0 16. a3 Be7 17. Nc3 a6 18. Na4 Qa7 19. Rac1 b5 20. Nc5 Bxc5 21. dxc5 Bxf3 22. Bxf3 Ndxe5 23. Be2 Rfd8 24. b4 Nc4 25. Bxc4 bxc4 26. a4 Rb8 27. b5 axb5 28. axb5 Qa4 29. b6 h6 30. Qe2 d4 31. Bf4 e5 32. Bxh6 gxh6 33. Qg4+ Kf8 34. Qh4 c3 35. Qxh6+ Ke7 36. Rd3 Kd7 37. Qd6+ Kc8 38. Qc7# 1-0

[Event "Titled Tuesday intern op 15th Aug Early"]
[Site "Chess.com INT"]
[Date "2023.08.15"]
[Round "3"]
[White "Chyngyz, Sultai"]
[Black "Molina, Roberto Junio Brito"]
[Result "0-1"]
[WhiteElo "1671"]
[BlackElo "2376"]
[PlyCount "188"]
[EventDate "2023.08.15"]
[EventType "swiss (blitz)"]
[EventRounds "11"]
[EventCountry "USA"]
[SourceTitle "EXT 2024"]
[Source "ChessBase"]
[SourceDate "2023.10.10"]
[SourceVersion "1"]
[SourceVersionDate "2023.10.10"]
[SourceQuality "1"]

1. e4 c6 2. Nc3 d5 3. Nf3 dxe4 4. Nxe4 Bg4 5. h3 Bxf3 6. Qxf3 Nd7 7. d4 Ndf6 8. c3 Nxe4 9. Qxe4 Nf6 10. Qc2 Qd5 11. Be3 e6 12. Qb3 Qxb3 13. axb3 a6 14. b4 0-0-0 15. Bc4 Nd5 16. 0-0 Be7 17. Rfe1 Rd7 18. b5 cxb5 19. Bxb5 Rc7 20. Bd3 Nxe3 21. fxe3 Rd8 22. Rf1 Bg5 23. Rf3 f5 24. e4 g6 25. Re1 Kd7 26. exf5 exf5 27. Re5 Re8 28. g4 Rxe5 29. dxe5 fxg4 30. hxg4 Ke6 31. Kf2 Kxe5 32. Ke2 Bc1 33. c4 Bxb2 34. Re3+ Kf4 35. Re4+ Kg5 36. Kf3 a5 37. Bc2 b5 38. Bd3 b4 39. Bc2 Rd7 40. c5 Rd2 41. Rc4 Bc3 42. c6 Rd8 43. c7 Rc8 44. Ba4 Be5 45. Rc5 Kf6 46. g5+ Kf7 47. Bb3+ Kf8 48. Rxe5 Rxc7 49. Ba4 Kg7 50. Rxa5 h6 51. gxh6+ Kxh6 52. Rb5 Rc4 53. Bb3 Rc3+ 54. Ke4 Rxb3 55. Rb8 Rb1 56. Ke5 b3 57. Kf6 Rf1+ 58. Ke5 g5 59. Rxb3 g4 60. Ke4 Kg5 61. Rb8 g3 62. Ke3 Kg4 63. Rg8+ Kh3 64. Ke2 Rf7 65. Rh8+ Kg2 66. Rh6 Kg1 67. Rg6 g2 68. Rh6 Re7+ 69. Kf3 Kf1 70. Ra6 g1Q 71. Ra1+ Re1 72. Ra2 Qe3+ 73. Kg4 Qe6+ 74. Kf3 Qb3+ 75. Kf4 Qxa2 76. Kg5 Rb1 77. Kf6 Rb3 78. Kg7 Qa4 79. Kh8 Qc4 80. Kg7 Qc7+ 81. Kh6 Rb5 82. Kg6 Qc6+ 83. Kf7 Rb7+ 84. Kf8 Qc7 85. Kg8 Ke2 86. Kf8 Ke3 87. Kg8 Kd3 88. Kf8 Kd4 89. Kg8 Kd5 90. Kf8 Ke5 91. Kg8 Ke6 92. Kh8 Kd6 93. Kg8 Kc5 94. Kh8 Rb8# 0-1

[Event "Titled Tuesday intern op 04th Jul Early"]
[Site "Chess.com INT"]
[Date "2023.07.04"]
[Round "7"]
[White "Chyngyz, Sultai"]
[Black "Koellner, Ruben Gideon"]
[Result "1-0"]
[WhiteElo "1715"]
[BlackElo "2453"]
[PlyCount "95"]
[EventDate "2023.07.04"]
[EventType "swiss (blitz)"]
[EventRounds "11"]
[EventCountry "USA"]
[SourceTitle "EXT 2024"]
[Source "ChessBase"]
[SourceDate "2023.10.10"]
[SourceVersion "1"]
[SourceVersionDate "2023.10.10"]
[SourceQuality "1"]

1. e4 d6 2. d4 Nf6 3. Bd3 e5 4. c3 Nbd7 5. Nf3 d5 6. Nbd2 exd4 7. cxd4 dxe4 8. Nxe4 Nxe4 9. Bxe4 Bb4+ 10. Bd2 Qe7 11. 0-0 Bxd2 12. Qxd2 0-0 13. Rfe1 Qd6 14. Rad1 Nf6 15. Bc2 Bg4 16. Qd3 Rad8 17. Rd2 Bxf3 18. Qxf3 Qb4 19. Qc3 Qb6 20. Red1 Rd6 21. Qa3 Rfd8 22. Qe3 g6 23. Bb3 Kg7 24. h4 Qb4 25. a3 Qb5 26. Rd3 c5 27. Qe5 a6 28. a4 Qb4 29. Rf3 cxd4 30. g4 Re8 31. Qg3 Re7 32. h5 Qc5 33. Qf4 h6 34. hxg6 fxg6 35. Rg3 Qe5 36. Qf3 Ne4 37. Re1 Rf6 38. Qd3 Rf4 39. Bc2 Qf6 40. Rg2 Ng5 41. Rxe7+ Qxe7 42. Qxg6+ Kf8 43. Qxh6+ Qg7 44. Qd6+ Kg8 45. Bb3+ Kh7 46. Rh2+ Nh3+ 47. Rxh3+ Qh6 48. Qxh6# 1-0

[Event "Titled Tuesday intern op 04th Jul Early"]
[Site "Chess.com INT"]
[Date "2023.07.04"]
[Round "3"]
[White "Gruzman, Ilya"]
[Black "Chyngyz, Sultai"]
[Result "0-1"]
[WhiteElo "2151"]
[BlackElo "1715"]
[PlyCount "74"]
[EventDate "2023.07.04"]
[EventType "swiss (blitz)"]
[EventRounds "11"]
[EventCountry "USA"]
[SourceTitle "EXT 2024"]
[Source "ChessBase"]
[SourceDate "2023.10.10"]
[SourceVersion "1"]
[SourceVersionDate "2023.10.10"]
[SourceQuality "1"]

1. e4 c5 2. c4 d6 3. Ne2 e5 4. d3 Nc6 5. Nbc3 g6 6. g3 Bg7 7. Bg2 h5 8. 0-0 h4 9. Nd5 h3 10. Bh1 Be6 11. f4 Bxd5 12. cxd5 Nd4 13. Nxd4 cxd4 14. fxe5 Bxe5 15. Qf3 Qd7 16. Bf4 Bxf4 17. Qxf4 f6 18. Rac1 Kf7 19. e5 dxe5 20. Qxe5 Kg7 21. Qxd4 Rh5 22. d6 Kh8 23. Rc7 Qe6 24. Rxb7 Rd8 25. d7 Re5 26. Rxa7 Kg7 27. Be4 Ne7 28. Rb7 Nc6 29. Bxc6 Qxc6 30. Qf2 Rf5 31. Qe2 Rxf1+ 32. Kxf1 Qh1+ 33. Kf2 Qxh2+ 34. Kf3 Qh1+ 35. Kg4 f5+ 36. Kg5 Qc1+ 37. Kh4 Qh6+ 0-1

[Event "Titled Tuesday intern op 04th Jul Early"]
[Site "Chess.com INT"]
[Date "2023.07.04"]
[Round "8"]
[White "Strybuk, Artsiom I"]
[Black "Chyngyz, Sultai"]
[Result "1-0"]
[WhiteElo "2408"]
[BlackElo "1715"]
[PlyCount "91"]
[EventDate "2023.07.04"]
[EventType "swiss (blitz)"]
[EventRounds "11"]
[EventCountry "USA"]
[SourceTitle "EXT 2024"]
[Source "ChessBase"]
[SourceDate "2023.10.10"]
[SourceVersion "1"]
[SourceVersionDate "2023.10.10"]
[SourceQuality "1"]

1. d4 Nf6 2. c4 e6 3. g3 d5 4. Bg2 Be7 5. Nf3 0-0 6. 0-0 c5 7. dxc5 Bxc5 8. cxd5 exd5 9. Qc2 Bb6 10. Nc3 Nc6 11. Na4 Bc7 12. Rd1 h6 13. b3 Re8 14. Bb2 Be6 15. Nc5 Qc8 16. Nxe6 Qxe6 17. e3 Bb6 18. Nd4 Nxd4 19. Bxd4 Rac8 20. Qb2 Bd8 21. Rac1 Be7 22. Qe2 Rxc1 23. Rxc1 Ba3 24. Rc7 Re7 25. Qc2 Bd6 26. Rc8+ Re8 27. Rxe8+ Nxe8 28. Bxa7 h5 29. h4 Nf6 30. Bd4 Ng4 31. Bf3 g6 32. Qd1 Nh6 33. Ba1 Qh3 34. Qd4 Kf8 35. Qg7+ Ke8 36. Qxh6 Bxg3 37. Qh8+ Kd7 38. Bg2 Bh2+ 39. Kf1 Qg4 40. Qd4 Bf4 41. Qxd5+ Bd6 42. Qxf7+ Kc8 43. Qxb7+ Kd8 44. Bf6+ Be7 45. Qxe7+ Kc8 46. Qb7# 1-0

[Event "Titled Tuesday intern op 30th May Late"]
[Site "Chess.com INT"]
[Date "2023.05.30"]
[Round "3"]
[White "Chyngyz, Sultai"]
[Black "Garakov, Mikhael"]
[Result "0-1"]
[WhiteElo "1560"]
[BlackElo "2447"]
[PlyCount "40"]
[EventDate "2023.05.30"]
[EventType "swiss (blitz)"]
[EventRounds "11"]
[EventCountry "USA"]
[SourceTitle "CBM 214 Extra"]
[Source "ChessBase"]
[SourceDate "2023.07.31"]
[SourceVersion "1"]
[SourceVersionDate "2023.07.31"]
[SourceQuality "1"]

1. e4 c5 2. Nf3 e6 3. d4 cxd4 4. Nxd4 Nc6 5. Nc3 Qc7 6. a3 a6 7. Be3 Nf6 8. Be2 Be7 9. 0-0 0-0 10. Qd2 d6 11. Rad1 Bd7 12. Nb3 b5 13. f3 Rac8 14. Qe1 Ne5 15. Nd2 Qb7 16. Qf2 a5 17. Bd4 b4 18. axb4 axb4 19. Bxe5 dxe5 20. Ncb1 Bc5 0-1

[Event "Titled Tuesday intern op 23rd May Late"]
[Site "Chess.com INT"]
[Date "2023.05.23"]
[Round "8"]
[White "Ilkhomi, Jaloliddin"]
[Black "Chyngyz, Sultai"]
[Result "1-0"]
[WhiteElo "1997"]
[BlackElo "1560"]
[PlyCount "93"]
[EventDate "2023.05.23"]
[EventType "swiss (blitz)"]
[EventRounds "11"]
[EventCountry "USA"]
[SourceTitle "EXT 2024"]
[Source "ChessBase"]
[SourceDate "2023.10.10"]
[SourceVersion "1"]
[SourceVersionDate "2023.10.10"]
[SourceQuality "1"]

1. Nf3 Nf6 2. d4 g6 3. c4 Bg7 4. Nc3 0-0 5. e4 d6 6. Be2 e5 7. dxe5 dxe5 8. Qxd8 Rxd8 9. Bg5 Re8 10. Nd5 Nxd5 11. cxd5 c6 12. Bc4 cxd5 13. Bxd5 Nc6 14. 0-0-0 Bg4 15. Bxc6 bxc6 16. h3 Be6 17. Kb1 Rab8 18. Rd6 f5 19. Nd2 f4 20. f3 Rb6 21. Rc1 Reb8 22. b3 Bf7 23. Rcxc6 Rxc6 24. Rxc6 h6 25. Be7 g5 26. Nc4 h5 27. Bxg5 Rb7 28. Nd6 Rd7 29. Nxf7 Kxf7 30. Kc2 a5 31. Bh4 Bf8 32. Be1 a4 33. bxa4 Ke8 34. a5 Rg7 35. Rc8+ Kd7 36. Rxf8 Rxg2+ 37. Bd2 Kc6 38. Rf5 Kb5 39. Rxe5+ Kc4 40. a6 Rg7 41. Ra5 Ra7 42. Bxf4 h4 43. Be3 Ra8 44. a7 Rb8 45. Rc5+ Kb4 46. axb8Q+ Ka3 47. Qb3# 1-0

[Event "Titled Tuesday intern op 23rd May Late"]
[Site "Chess.com INT"]
[Date "2023.05.23"]
[Round "3"]
[White "Martic, Ivan"]
[Black "Chyngyz, Sultai"]
[Result "0-1"]
[WhiteElo "2301"]
[BlackElo "1560"]
[PlyCount "50"]
[EventDate "2023.05.23"]
[EventType "swiss (blitz)"]
[EventRounds "11"]
[EventCountry "USA"]
[SourceTitle "EXT 2024"]
[Source "ChessBase"]
[SourceDate "2023.10.10"]
[SourceVersion "1"]
[SourceVersionDate "2023.10.10"]
[SourceQuality "1"]

1. d4 Nf6 2. Bg5 Ne4 3. Bf4 g6 4. e3 Bg7 5. Nd2 Nxd2 6. Qxd2 0-0 7. Nf3 d6 8. c3 b6 9. Be2 Bb7 10. h3 Nd7 11. a4 a6 12. 0-0 Re8 13. Bh2 e5 14. c4 exd4 15. exd4 Nf6 16. Rfe1 Ne4 17. Qc2 Ng5 18. d5 Bc8 19. Nd2 Bf5 20. Qc1 Qf6 21. Ra2 Bxh3 22. f4 Qd4+ 23. Kh1 Ne4 24. Nxe4 Qxe4 25. Bf3 Qxe1+ 0-1

[Event "Titled Tuesday intern op 07th Jun Late"]
[Site "Chess.com INT"]
[Date "2022.06.07"]
[Round "2"]
[White "Barp, Alberto"]
[Black "Chyngyz, Sultai"]
[Result "1-0"]
[WhiteElo "2396"]
[BlackElo "1391"]
[PlyCount "67"]
[EventDate "2022.06.07"]
[EventType "swiss (blitz)"]
[EventRounds "11"]
[EventCountry "USA"]
[SourceTitle "CBM 208 Extra"]
[Source "ChessBase"]
[SourceDate "2022.07.31"]
[SourceVersion "1"]
[SourceVersionDate "2022.07.31"]
[SourceQuality "1"]

1. d4 Nf6 2. Nf3 g6 3. Nbd2 d5 4. e3 Bg7 5. b3 0-0 6. Bb2 Nbd7 7. c4 e6 8. Be2 c6 9. 0-0 a6 10. Qc2 b5 11. e4 Bb7 12. Rfd1 Qb6 13. c5 Qc7 14. e5 Nh5 15. Ng5 Nf4 16. Bf1 h6 17. Ngf3 g5 18. g3 Ng6 19. Bd3 Ne7 20. h4 f6 21. exf6 Bxf6 22. hxg5 Bxg5 23. Nxg5 hxg5 24. Kg2 Rf6 25. Rh1 Raf8 26. Raf1 Kf7 27. Nf3 g4 28. Ng5+ Ke8 29. Qe2 Rg8 30. Nxe6 Qc8 31. Rh7 Ne5 32. Ng7+ Rxg7 33. Rxg7 Nxd3 34. Qxe7# 1-0

[Event "Titled Tuesday intern op 07th Jun Late"]
[Site "Chess.com INT"]
[Date "2022.06.07"]
[Round "4"]
[White "Chyngyz, Sultai"]
[Black "Agibileg, Uurtsaikh"]
[Result "0-1"]
[WhiteElo "1391"]
[BlackElo "2441"]
[PlyCount "128"]
[EventDate "2022.06.07"]
[EventType "swiss (blitz)"]
[EventRounds "11"]
[EventCountry "USA"]
[SourceTitle "CBM 208 Extra"]
[Source "ChessBase"]
[SourceDate "2022.07.31"]
[SourceVersion "1"]
[SourceVersionDate "2022.07.31"]
[SourceQuality "1"]

1. e4 c5 2. Nf3 e6 3. c3 Nf6 4. Qc2 Nc6 5. Be2 Qc7 6. 0-0 d5 7. exd5 Nxd5 8. Na3 Nf4 9. Bb5 Bd7 10. d4 cxd4 11. cxd4 Bxa3 12. bxa3 0-0 13. Bb2 Rac8 14. Rac1 a6 15. Ba4 Qa5 16. Bb3 Nxd4 17. Nxd4 Rxc2 18. Rxc2 Qg5 19. g3 e5 20. Nf3 Qh5 21. Nxe5 Bf5 22. gxf4 Bxc2 23. Bxc2 Qe2 24. Rc1 Rc8 25. Bxh7+ Kxh7 26. Rxc8 Qxb2 27. Rc7 f6 28. Nf3 Qxa3 29. Kg2 Qxa2 30. Rxb7 Qd5 31. Ra7 a5 32. Ra6 Qc5 33. Ra8 Kg6 34. Nh4+ Kf7 35. Rd8 Qh5 36. Kg3 a4 37. f5 Qg5+ 38. Kh3 Ke7 39. Ra8 Qc1 40. Rxa4 Qc3+ 41. f3 Kd6 42. Ra6+ Ke5 43. Re6+ Kd5 44. Re4 Qc7 45. Rg4 Qb7 46. Ng6 Kc5 47. Rg3 Qd7 48. Nh4 Kd4 49. Rg4+ Ke3 50. Re4+ Kf2 51. Rg4 Qc7 52. Rg2+ Kf1 53. Rd2 Qf4 54. Rg2 Qh6 55. Rg3 Kf2 56. f4 Kf1 57. Rf3+ Ke2 58. Kg3 Qxh4+ 59. Kxh4 Kxf3 60. Kh5 Kxf4 61. Kg6 Kg4 62. h4 Kxh4 63. Kxg7 Kg5 64. Kf7 Kxf5 0-1

[Event "Titled Tuesday intern op 07th Jun Late"]
[Site "Chess.com INT"]
[Date "2022.06.07"]
[Round "3"]
[White "Nozdrachev, Leonid"]
[Black "Chyngyz, Sultai"]
[Result "0-1"]
[WhiteElo "2367"]
[BlackElo "1391"]
[PlyCount "172"]
[EventDate "2022.06.07"]
[EventType "swiss (blitz)"]
[EventRounds "11"]
[EventCountry "USA"]
[SourceTitle "CBM 208 Extra"]
[Source "ChessBase"]
[SourceDate "2022.07.31"]
[SourceVersion "1"]
[SourceVersionDate "2022.07.31"]
[SourceQuality "1"]

1. e4 c5 2. c3 d5 3. exd5 Qxd5 4. d4 g6 5. Nf3 Bg7 6. dxc5 Qxc5 7. Be3 Qc7 8. Na3 a6 9. Bc4 Nf6 10. 0-0 0-0 11. Bb3 b5 12. Nc2 Bb7 13. Re1 Nc6 14. h3 Rad8 15. Qe2 Na5 16. Bd4 e6 17. Nb4 Nd5 18. Nxd5 Bxd5 19. Bxg7 Kxg7 20. Nd4 Nc4 21. a4 Qc5 22. axb5 axb5 23. h4 h5 24. Ra2 Ra8 25. Rea1 Rxa2 26. Rxa2 b4 27. cxb4 Qxd4 28. b5 Nb6 29. Bxd5 Qxd5 30. Ra6 Qc5 31. b4 Qc1+ 32. Kh2 Qc7+ 33. g3 Rd8 34. Qb2+ Kh7 35. Qf6 Rd7 36. Ra5 Nd5 37. Qb2 Qb7 38. Ra1 Qxb5 39. Ra8 f6 40. Qc1 Qb7 41. Rf8 Rc7 42. Qe1 Kg7 43. Rd8 e5 44. Qe4 Nxb4 45. Qe3 Nc2 46. Qd2 Nd4 47. Qa2 Nf3+ 48. Kh3 Rf7 49. Qc4 Nd4 50. Kh2 Qf3 51. Qf1 Ne2 52. Rd2 Nxg3 53. Qc4 Nf5 54. Rd3 Qf4+ 55. Kg2 Qxc4 56. Kf1 Qc6 57. Re3 Nd6 58. Rf3 Qe4 59. Rg3 Qf3 60. Kg1 Ne4 61. Rxf3 Nd2 62. Rd3 Nf3+ 63. Rxf3 e4 64. Re3 f5 65. Rc3 Kf6 66. Rc6+ Kg7 67. Kg2 Rf6 68. Rc7+ Kh6 69. Rb7 g5 70. hxg5+ Kxg5 71. Rg7+ Rg6 72. Rh7 h4 73. Rh8 Kf4+ 74. Kf1 Rg4 75. Rh5 Ke5 76. f3 exf3 77. Kf2 Kf4 78. Rh6 Rg2+ 79. Kf1 Kg3 80. Rg6+ Kh2 81. Rf6 f2 82. Rxf5 h3 83. Rxf2 Kh1 84. Rf3 Rg1+ 85. Kf2 h2 86. Rh3 Ra1 0-1

[Event "Titled Tuesday intern op 31st May Late"]
[Site "Chess.com INT"]
[Date "2022.05.31"]
[Round "3"]
[White "Maghsoodloo, Parham"]
[Black "Chyngyz, Sultai"]
[Result "1-0"]
[WhiteElo "2699"]
[BlackElo "1391"]
[PlyCount "67"]
[EventDate "2022.05.31"]
[EventType "swiss (blitz)"]
[EventRounds "11"]
[EventCountry "USA"]
[SourceTitle "CBM 208 Extra"]
[Source "ChessBase"]
[SourceDate "2022.07.31"]
[SourceVersion "1"]
[SourceVersionDate "2022.07.31"]
[SourceQuality "1"]

1. e4 c5 2. Nf3 d6 3. d4 cxd4 4. Nxd4 Nf6 5. Nc3 a6 6. Bg5 e6 7. f4 Be7 8. Qf3 0-0 9. 0-0-0 Qc7 10. g4 b5 11. a3 Bb7 12. Bxf6 Bxf6 13. g5 Bxd4 14. Rxd4 Nc6 15. Rd2 b4 16. axb4 Nxb4 17. Kb1 Rfc8 18. f5 exf5 19. Qxf5 Bc6 20. Bc4 Rab8 21. Rf1 Be8 22. Bb3 a5 23. g6 hxg6 24. Qxg6 a4 25. Rg2 Kf8 26. Bxf7 Bxf7 27. Qxg7+ Ke8 28. Qh8+ Ke7 29. Rxf7+ Kxf7 30. Qh7+ Ke6 31. Qf5+ Ke7 32. Rg7+ Ke8 33. Qe6+ Qe7 34. Rg8# 1-0

[Event "Titled Tuesday intern op 24th May Late"]
[Site "Chess.com INT"]
[Date "2022.05.24"]
[Round "3"]
[White "Chyngyz, Sultai"]
[Black "Tarigan, Gilbert Elroy"]
[Result "0-1"]
[WhiteElo "1391"]
[BlackElo "2384"]
[PlyCount "72"]
[EventDate "2022.05.24"]
[EventType "swiss (blitz)"]
[EventRounds "11"]
[EventCountry "USA"]
[SourceTitle "EXT 2023"]
[Source "ChessBase"]
[SourceDate "2022.10.05"]
[SourceVersion "1"]
[SourceVersionDate "2022.10.05"]
[SourceQuality "1"]

1. e4 e5 2. Nf3 Nc6 3. Ng1 Nf6 4. Nc3 d5 5. exd5 Nxd5 6. Nxd5 Qxd5 7. d3 f5 8. Ne2 Be6 9. Nc3 Bb4 10. Bd2 Qd7 11. Be2 0-0-0 12. a3 Bxc3 13. bxc3 Rhg8 14. Rb1 g5 15. c4 g4 16. c3 Ne7 17. Qb3 b6 18. a4 Nc6 19. Qb5 Na5 20. Qa6+ Nb7 21. Qxa7 Qc6 22. 0-0 Kd7 23. Qa6 Nd6 24. Qb5 Nxb5 25. cxb5 Qa8 26. Rb4 h5 27. Be3 h4 28. f4 h3 29. Rf2 g3 30. hxg3 Rxg3 31. Bf3 Bd5 32. Kh2 Bxf3 33. Kxg3 Rg8+ 34. Kxh3 Rh8+ 35. Kg3 Qg8+ 36. Kxf3 Qg4# 0-1

[Event "Titled Tuesday intern op 10th May Late"]
[Site "Chess.com INT"]
[Date "2022.05.10"]
[Round "3"]
[White "Chyngyz, Sultai"]
[Black "Grave, Jacob Templen"]
[Result "0-1"]
[WhiteElo "1391"]
[BlackElo "2227"]
[PlyCount "132"]
[EventDate "2022.05.10"]
[EventType "swiss (blitz)"]
[EventRounds "11"]
[EventCountry "USA"]
[SourceTitle "CBM 208 Extra"]
[Source "ChessBase"]
[SourceDate "2022.07.31"]
[SourceVersion "1"]
[SourceVersionDate "2022.07.31"]
[SourceQuality "1"]

1. e4 g6 2. d4 Bg7 3. Nf3 c6 4. Bd3 d5 5. e5 Bg4 6. h3 Bxf3 7. Qxf3 c5 8. c3 Nc6 9. Be3 e6 10. 0-0 Nge7 11. Nd2 cxd4 12. cxd4 0-0 13. Rac1 f6 14. exf6 Bxf6 15. Qg4 Nf5 16. Bxf5 exf5 17. Qf4 Qb8 18. Qxb8 Raxb8 19. Nb3 Rfe8 20. Rfe1 Kf7 21. f3 Re7 22. Kf2 Rbe8 23. g3 g5 24. f4 gxf4 25. Bxf4 Nxd4 26. Nxd4 Bxd4+ 27. Kf1 Rxe1+ 28. Rxe1 Rxe1+ 29. Kxe1 Bxb2 30. Kd2 Ke6 31. Kc2 Be5 32. Be3 d4 33. Bf2 Kd5 34. Kd3 b5 35. Be1 Bd6 36. Ba5 Bxg3 37. Bd8 a6 38. Bf6 Be5 39. Bg5 f4 40. Bh4 f3 41. Bf2 a5 42. a3 Bd6 43. Bxd4 Bc5 44. Bc3 f2 45. Ke2 Bxa3 46. Bxa5 b4 47. Kxf2 b3 48. Bc3 Bc5+ 49. Kf3 Bd4 50. Ke2 Bxc3 51. Kd3 Be5 52. h4 h5 53. Kd2 Bf6 54. Kc1 Kc4 55. Kb1 Bxh4 56. Kb2 Bf6+ 57. Ka3 h4 58. Ka4 h3 59. Ka3 h2 60. Ka4 h1Q 61. Ka5 Qa8+ 62. Kb6 b2 63. Kc7 b1Q 64. Kd6 Qb6+ 65. Kd7 Qd5+ 66. Ke8 Qbd8# 0-1

[Event "Titled Tuesday intern op 26th Apr Late"]
[Site "Chess.com INT"]
[Date "2022.04.26"]
[Round "1"]
[White "Chyngyz, Sultai"]
[Black "Hnydiuk, Aleksander"]
[Result "0-1"]
[WhiteElo "1391"]
[BlackElo "2394"]
[PlyCount "54"]
[EventDate "2022.04.26"]
[EventType "swiss (blitz)"]
[EventRounds "11"]
[EventCountry "USA"]
[SourceTitle "CBM 208 Extra"]
[Source "ChessBase"]
[SourceDate "2022.07.31"]
[SourceVersion "1"]
[SourceVersionDate "2022.07.31"]
[SourceQuality "1"]

1. e4 Nf6 2. Nc3 e5 3. Nf3 Nc6 4. Bc4 Nxe4 5. Nxe4 d5 6. Bxd5 Qxd5 7. Nc3 Qd8 8. d3 Bc5 9. 0-0 0-0 10. Be3 Bb6 11. Bxb6 axb6 12. Re1 Bg4 13. h3 Bh5 14. g4 Bg6 15. Nxe5 Nxe5 16. Rxe5 f5 17. gxf5 Bxf5 18. Qh5 Qf6 19. Rae1 Bg6 20. Qe2 Qh4 21. Kg2 Bf5 22. Re3 Rf6 23. Re8+ Rxe8 24. Qxe8+ Rf8 25. Qe3 Bxh3+ 26. Kh2 Rxf2+ 27. Kg1 Qg4+ 0-1

[Event "Titled Tuesday intern op 05th Apr Late"]
[Site "Chess.com INT"]
[Date "2022.04.05"]
[Round "1"]
[White "Fiedorek, Michal"]
[Black "Chyngyz, Sultai"]
[Result "1-0"]
[WhiteElo "2321"]
[BlackElo "1391"]
[PlyCount "45"]
[EventDate "2022.04.05"]
[EventType "swiss (blitz)"]
[EventRounds "11"]
[EventCountry "USA"]
[SourceTitle "CBM 207 Extra"]
[Source "ChessBase"]
[SourceDate "2022.05.31"]
[SourceVersion "1"]
[SourceVersionDate "2022.05.31"]
[SourceQuality "1"]

1. e4 c5 2. Nf3 d6 3. Bb5+ Nd7 4. Ba4 Ngf6 5. 0-0 g6 6. d4 Nxe4 7. Re1 Nef6 8. dxc5 dxc5 9. Nc3 Bg7 10. Nd5 e6 11. Nxf6+ Qxf6 12. Bg5 Qf5 13. Qd6 Bf6 14. Ne5 Bxg5 15. Bxd7+ Bxd7 16. Qxd7+ Kf8 17. Qxb7 Kg7 18. Rad1 Rhd8 19. g4 Qf6 20. Rd7 Rxd7 21. Nxd7 Qd8 22. Nxc5 Rb8 23. Nxe6+ 1-0

[Event "Titled Tuesday intern op 22 Mar Early"]
[Site "Chess.com INT"]
[Date "2022.03.22"]
[Round "5"]
[White "Chyngyz, Sultai"]
[Black "Alinasab, Mobina"]
[Result "1/2-1/2"]
[WhiteElo "1280"]
[BlackElo "2325"]
[PlyCount "93"]
[EventDate "2022.03.22"]
[EventType "swiss (blitz)"]
[EventRounds "11"]
[EventCountry "USA"]
[SourceTitle "CBM 207 Extra"]
[Source "ChessBase"]
[SourceDate "2022.05.31"]
[SourceVersion "1"]
[SourceVersionDate "2022.05.31"]
[SourceQuality "1"]

1. e4 c5 2. Nf3 d6 3. d4 cxd4 4. Nxd4 Nf6 5. Nc3 a6 6. Be2 e5 7. Nb3 Be7 8. 0-0 0-0 9. Be3 Be6 10. f3 Nbd7 11. Nd5 Rc8 12. Nxe7+ Qxe7 13. Rc1 d5 14. Bg5 dxe4 15. fxe4 h6 16. Bxf6 Nxf6 17. Bd3 Rfd8 18. Qf3 Bc4 19. Rfd1 Bxd3 20. cxd3 Rxc1 21. Rxc1 Qb4 22. Rc3 a5 23. Qe2 a4 24. Nc1 b5 25. a3 Qd4+ 26. Kf1 b4 27. Rc4 Qd6 28. Rxb4 Rc8 29. Rc4 Rxc4 30. dxc4 Qd4 31. Qc2 Nxe4 32. g3 Nd2+ 33. Ke2 Nxc4 34. Nd3 e4 35. Nf2 Qe3+ 36. Kf1 Nd2+ 37. Kg2 Qf3+ 38. Kg1 Qe2 39. Qc8+ Kh7 40. Qf5+ Kg8 41. Qc8+ Kh7 42. Qf5+ g6 43. Qxf7+ Kh8 44. Qf8+ Kh7 45. Qf7+ Kh8 46. Qf8+ Kh7 47. Qf7+ 1/2-1/2

[Event "Titled Tuesday intern op 22 Mar Early"]
[Site "Chess.com INT"]
[Date "2022.03.22"]
[Round "4"]
[White "Grieve, Harry"]
[Black "Chyngyz, Sultai"]
[Result "1-0"]
[WhiteElo "2381"]
[BlackElo "1280"]
[PlyCount "97"]
[EventDate "2022.03.22"]
[EventType "swiss (blitz)"]
[EventRounds "11"]
[EventCountry "USA"]
[SourceTitle "CBM 207 Extra"]
[Source "ChessBase"]
[SourceDate "2022.05.31"]
[SourceVersion "1"]
[SourceVersionDate "2022.05.31"]
[SourceQuality "1"]

1. d4 Nf6 2. Bg5 Ne4 3. Bf4 g6 4. f3 Nf6 5. e4 d6 6. Nc3 Bg7 7. Qd2 0-0 8. Bh6 c6 9. Bxg7 Kxg7 10. 0-0-0 b5 11. h4 h5 12. Kb1 a5 13. g4 a4 14. gxh5 Nxh5 15. Nce2 Na6 16. Bh3 Bxh3 17. Nxh3 b4 18. Rdg1 b3 19. cxb3 axb3 20. axb3 Nc7 21. Qg5 Rh8 22. Nhf4 Nxf4 23. Nxf4 e5 24. dxe5 Qxg5 25. Rxg5 dxe5 26. Rxe5 Rab8 27. Re7 Nb5 28. h5 Nd4 29. Rg1 Kf6 30. Rd7 Nxf3 31. Rf1 Rxb3 32. Nd3 Ke6 33. Nc5+ Ke5 34. Nxb3 Kxe4 35. Re7+ Kf4 36. Nd4 gxh5 37. Rxf3+ Kg4 38. Rexf7 h4 39. R7f4+ Kg5 40. Ne6+ Kg6 41. Rf6+ Kh5 42. R3f5+ Kg4 43. Rg5+ Kh3 44. Rf3+ Kh2 45. Rf2+ Kh1 46. Nd4 Rf8 47. Rxf8 h3 48. Rf1+ Kh2 49. Nf3# 1-0

[Event "Titled Tuesday intern op 22 Mar Early"]
[Site "Chess.com INT"]
[Date "2022.03.22"]
[Round "6"]
[White "Ladan, Nicholas John"]
[Black "Chyngyz, Sultai"]
[Result "0-1"]
[WhiteElo "2158"]
[BlackElo "1280"]
[PlyCount "66"]
[EventDate "2022.03.22"]
[EventType "swiss (blitz)"]
[EventRounds "11"]
[EventCountry "USA"]
[SourceTitle "CBM 207 Extra"]
[Source "ChessBase"]
[SourceDate "2022.05.31"]
[SourceVersion "1"]
[SourceVersionDate "2022.05.31"]
[SourceQuality "1"]

1. d4 Nf6 2. Bf4 g6 3. Nf3 Bg7 4. Nc3 0-0 5. Qd2 d6 6. e4 c6 7. h4 h5 8. 0-0-0 b5 9. Bd3 a5 10. Bh6 a4 11. Bxg7 Kxg7 12. Ng5 b4 13. Ne2 b3 14. cxb3 axb3 15. a3 Ba6 16. Bb1 Bc4 17. Nc3 Qb6 18. f4 Na6 19. f5 c5 20. e5 dxe5 21. dxe5 Ng4 22. fxg6 fxg6 23. Nd5 Qb7 24. Ne3 Rf2 25. Qc3 Nxe3 26. e6+ Kg8 27. Qxe3 Qxg2 28. Qc3 Nb4 29. axb4 cxb4 30. Qxc4 Rxb2 31. Rhg1 Rxb1+ 32. Kxb1 Ra1+ 33. Kxa1 Qa2# 0-1